| 000 | 00928nam a2200229Ia 4500 | ||
|---|---|---|---|
| 003 | OSt | ||
| 005 | 20211202162947.0 | ||
| 008 | 210310s2013 ck adb fr 000 0 spa d | ||
| 040 |
_aCO-JMCR _cCO-JMCR |
||
| 041 | 0 | _aspa | |
| 082 | 0 | 4 |
_a338.91 / _bP946g _223 |
| 110 | 1 |
_aPricewaterhouseCoopers _938544 |
|
| 245 | 1 | 0 |
_aGran optimismo en el futuro, a pesar de la prudencia global / _cPricewaterhouseCoopers |
| 250 | _a3° Edición | ||
| 260 |
_a[Bogotá] : _bPricewaterhouseCoopers, _c2013 |
||
| 300 |
_a39 páginas : _bilustraciones, gráficas y mapas ; _c28 cm. |
||
| 500 | _a16.° Encuesta Global Anual de CEO | ||
| 505 | 0 | _aExpectativas de crecimiento de ingresos -- Principales riesgos -- Crecimiento -- Interesados en desarrollar negocios en Colombia -- Principales iniciativas organizacionales | |
| 650 | 1 | 4 |
_aCrecimiento económico _918263 |
| 650 | 2 | 4 |
_aIniciativas organizacionales _xEconomía _941719 |
| 942 |
_2ddc _cBK |
||
| 999 |
_c8778 _d8778 |
||